Sergio Osmeña: (Record no. 6690)
[ view plain ]
| 000 -LEADER | |
|---|---|
| fixed length control field | 00567nam a22001457a 4500 |
| 008 - FIXED-LENGTH DATA ELEMENTS--GENERAL INFORMATION | |
| fixed length control field | 170425b xxu||||| |||| 00| 0 eng d |
| 082 ## - DEWEY DECIMAL CLASSIFICATION NUMBER | |
| Edition number | 1996 |
| Classification number | DFil 920 |
| Item number | Se6 |
| 245 ## - TITLE STATEMENT | |
| Title | Sergio Osmeña: |
| Remainder of title | the enduring legacy/ |
| Statement of responsibility, etc. | Edited by Resil B. Mojares. |
| 260 ## - PUBLICATION, DISTRIBUTION, ETC. (IMPRINT) | |
| Place of publication, distribution, etc. | Cebu City: |
| Name of publisher, distributor, etc. | Cebu Newspaper Workers Foundation, |
| Date of publication, distribution, etc. | c1996. |
| 300 ## - PHYSICAL DESCRIPTION | |
| Extent | 151 pages: |
| Other physical details | illustrations; |
| Dimensions | 23 cm. |
| 650 #0 - SUBJECT ADDED ENTRY--TOPICAL TERM | |
| 9 (RLIN) | 20270 |
| Topical term or geographic name as entry element | Sergio, Osmeña, 1878-1961. |
| 650 #0 - SUBJECT ADDED ENTRY--TOPICAL TERM | |
| 9 (RLIN) | 20271 |
| Topical term or geographic name as entry element | Presidents -- Philippines -- Biography. |
| 650 #0 - SUBJECT ADDED ENTRY--TOPICAL TERM | |
| 9 (RLIN) | 20272 |
| Topical term or geographic name as entry element | Philippines -- Politics and government -- 1935-1946. |
| 942 ## - ADDED ENTRY ELEMENTS (KOHA) | |
| Source of classification or shelving scheme | Dewey Decimal Classification |
| Koha item type | Filipiniana |
| Withdrawn status | Lost status | Source of classification or shelving scheme | Damaged status | Not for loan | Collection code | Home library | Current library | Date acquired | Source of acquisition | Total Checkouts | Full call number | Barcode | Date last seen | Copy number | Price effective from | Koha item type |
|---|---|---|---|---|---|---|---|---|---|---|---|---|---|---|---|---|
| Dewey Decimal Classification | Filipiniana | UM Digos College - LIC | UM Digos College - LIC | 10/03/2003 | Purchased | DFil 920 Se6 1996 | 12560 | 05/15/2025 | 2 | 04/25/2017 | Filipiniana |
